[Event "Portugal Open 2018"]
[Site "Lisboa POR"]
[Date "2018.02.08"]
[Round "8.40"]
[White "Fernandes, Miguel"]
[Black "Yuksel, Atilla Koksal"]
[Result "1-0"]
[WhiteElo "2036"]
[BlackElo "2248"]
[WhiteFideId "1920456"]
[BlackFideId "6306667"]
[WhiteCountry "POR"]
[PlyCount "67"]
[EventDate "2018.??.??"]

1. d4 e6 2. c4 b6 3. e4 Bb7 4. d5 Ne7 5. Nc3 Ng6 6. a3 a5 7. Be3 Na6 8. Nf3 Be7
9. Be2 O-O 10. Qc2 Bc5 11. Bg5 f6 12. Bd2 c6 13. O-O Qc7 14. Rad1 Rfe8 15. Qb1
Kh8 16. Bd3 Ne5 17. Nxe5 Qxe5 18. Kh1 Qh5 19. f4 Qf7 20. e5 cxd5 21. cxd5 f5 22.
Rf3 Rf8 23. Be3 exd5 24. Bxc5 Nxc5 25. Nb5 Ne4 26. Bxe4 fxe4 27. Nd6 Qe6 28. Rg3
Ba6 29. Qc1 Qh6 30. Rg5 Qh4 31. f5 Qf2 32. Rxg7 e3 33. f6 e2 34. Rg8+ 1-0

[Event "Portugal Open 2018"]
[Site "Lisboa POR"]
[Date "2018.02.08"]
[Round "8.41"]
[White "Mikalsen, Harald"]
[Black "Corbalan Gomez, Juan Jose"]
[Result "0-1"]
[WhiteElo "2026"]
[BlackElo "2245"]
[WhiteFideId "1511564"]
[BlackFideId "2260492"]
[WhiteCountry "NOR"]
[PlyCount "67"]
[EventDate "2018.??.??"]

1. d4 Nf6 2. c4 e6 3. Nf3 b6 4. g3 Bb7 5. Bg2 Be7 6. O-O O-O 7. Nc3 Ne4 8. Qc2
Nxc3 9. bxc3 f5 10. Rd1 Be4 11. Qb3 Qe8 12. d5 Na6 13. dxe6 dxe6 14. c5 Nxc5 15.
Qb2 Bf6 16. Nd4 Bxg2 17. Kxg2 Qc8 18. Qc2 Re8 19. Bb2 g6 20. Rac1 Qb7+ 21. f3 e5
22. Nb3 Ne6 23. e4 fxe4 24. fxe4 Rad8 25. Qe2 Qc6 26. Nd4 exd4 27. cxd4 Qa4 28.
Rc4 Qd7 29. d5 Bxb2 30. Qxb2 Ng5 31. Rdc1 Qg4 32. Rf1 Rf8 33. Rf2 Rxf2+ 34. Kxf2
0-1

[Event "Portugal Open 2018"]
[Site "Lisboa POR"]
[Date "2018.02.08"]
[Round "8.42"]
[White "Neves, Pedro"]
[Black "Guerra, Vítor"]
[Result "1-0"]
[WhiteElo "2242"]
[BlackElo "2113"]
[WhiteFideId "1905554"]
[BlackFideId "1901095"]
[WhiteTitle "NM"]
[BlackTitle "NM"]
[WhiteCountry "POR"]
[BlackCountry "POR"]
[PlyCount "122"]
[EventDate "2018.??.??"]

1. e4 c5 2. Nf3 e6 3. d4 cxd4 4. Nxd4 a6 5. Bd3 Nc6 6. Nxc6 dxc6 7. O-O e5 8.
Nd2 Be6 9. a4 Bc5 10. Nc4 Bxc4 11. Bxc4 Qxd1 12. Rxd1 Nf6 13. Re1 Rd8 14. Kf1
Rd7 15. f3 Ke7 16. Ke2 Rhd8 17. c3 Ne8 18. Bb3 Nc7 19. g3 Ne6 20. Rd1 Rxd1 21.
Bxd1 f6 22. Bc2 Nc7 23. Bd2 Ne6 24. Rf1 Bb6 25. f4 Bc5 26. Bb3 exf4 27. gxf4 Bd6
28. h4 Nc5 29. Bc2 h6 30. Be3 Nd7 31. h5 Bc5 32. Bc1 Bb6 33. Rf3 Bc7 34. Rg3 Kf8
35. Kf3 Re8 36. Kg4 a5 37. Kf5 Nb6 38. Kg4 Nd7 39. Re3 Bb6 40. Re1 Bc7 41. Kf3
Ke7 42. Rg1 Kf8 43. Rd1 Rd8 44. Be3 Ke7 45. Bb3 b6 46. Bc2 Bd6 47. Bd4 Bc7 48.
Rb1 Bd6 49. Kg4 Bc5 50. Kf5 Nf8 51. Bxc5+ bxc5 52. Rg1 Rd2 53. Rxg7+ Ke8 54. Bb3
Rxb2 55. Bc4 Rc2 56. Kxf6 Nd7+ 57. Kf5 Rxc3 58. Be6 Nf8 59. Kf6 Rf3 60. f5 c4
61. Rc7 Rd3 1-0

[Event "Portugal Open 2018"]
[Site "Lisboa POR"]
[Date "2018.02.08"]
[Round "8.43"]
[White "Andias, João"]
[Black "Godzwon, Iwo"]
[Result "1-0"]
[WhiteElo "2015"]
[BlackElo "2240"]
[WhiteFideId "1900862"]
[BlackFideId "21802483"]
[WhiteCountry "POR"]
[BlackCountry "POL"]
[PlyCount "113"]
[EventDate "2018.??.??"]

1. e4 c5 2. Nf3 Nc6 3. Bb5 d6 4. O-O Bd7 5. Re1 Nf6 6. h3 e6 7. c3 d5 8. exd5
Nxd5 9. d4 cxd4 10. Nxd4 Be7 11. Bxc6 bxc6 12. Nd2 O-O 13. Nc4 Bf6 14. Ne3 Qc7
15. Ng4 c5 16. Nf3 Be7 17. c4 Nf6 18. Nge5 Bc6 19. Bg5 Rfd8 20. Qc2 Bxf3 21.
Nxf3 h6 22. Bd2 Nd7 23. Re4 Bf6 24. Rae1 Nf8 25. Ne5 Bxe5 26. Rxe5 Qd6 27. Ba5
Rd7 28. a3 f6 29. R5e3 e5 30. b4 Rc8 31. b5 Ne6 32. a4 Nf4 33. Bc3 Rcd8 34. Ba5
Rc8 35. Bc3 Qc7 36. Qf5 Qb7 37. f3 Re8 38. a5 Ne6 39. Bxe5 Nf8 40. Bg3 Rxe3 41.
Rxe3 Qc8 42. Qe4 Qd8 43. Qc6 Rd1+ 44. Kh2 Qxa5 45. Qxc5 Qa1 46. Bd6 Ng6 47. Qf5
Qd4 48. Qe6+ Kh7 49. c5 Rc1 50. c6 Qd1 51. c7 Qg1+ 52. Kg3 h5 53. h4 Rc2 54. Re2
Qd4 55. f4 Rxe2 56. Qxe2 Qxd6 57. Qxh5+ 1-0

[Event "Portugal Open 2018"]
[Site "Lisboa POR"]
[Date "2018.02.08"]
[Round "8.44"]
[White "Weinzettl, Ernst"]
[Black "Santos, José Gulherme"]
[Result "0-1"]
[WhiteElo "2238"]
[BlackElo "2098"]
[WhiteFideId "1600575"]
[BlackFideId "1939300"]
[WhiteTitle "IM"]
[WhiteCountry "AUT"]
[BlackCountry "POR"]
[PlyCount "112"]
[EventDate "2018.??.??"]

1. d4 Nf6 2. Bg5 e6 3. Nf3 Be7 4. e3 b6 5. Bd3 Bb7 6. Nbd2 d6 7. Qe2 Nbd7 8. c3
c5 9. O-O O-O 10. Rad1 Re8 11. e4 e5 12. dxe5 dxe5 13. Bxf6 Bxf6 14. Ba6 Bc6 15.
Bb5 Qc7 16. Bxc6 Qxc6 17. Nc4 Nf8 18. Rd6 Qc7 19. Rfd1 Ng6 20. g3 Qc8 21. Rd7
Nf8 22. R7d2 Qh3 23. Kh1 Ng6 24. Ng1 Qe6 25. Rd6 Qc8 26. a4 Qb7 27. f3 h5 28.
Rd7 Qc6 29. b3 Be7 30. Ne3 Qe6 31. Qc4 Qf6 32. Nd5 Qg5 33. Nh3 Qh6 34. Nc7 h4
35. g4 Nf4 36. Nxf4 Qxf4 37. Qe2 Rad8 38. Nxe8 Rxe8 39. Kg2 Kh7 40. R1d3 h3+ 41.
Kxh3 Kg6 42. Kg2 Rh8 43. Kg1 c4 44. bxc4 Bc5+ 45. Kh1 Qg3 46. R7d6+ f6 47. R6d4
exd4 48. cxd4 Be7 49. e5 Qf4 50. exf6 Bxf6 51. Qe4+ Qxe4 52. fxe4 Rd8 53. d5 Kg5
54. Rf3 Re8 55. d6 Rxe4 56. d7 Rd4 0-1

[Event "Portugal Open 2018"]
[Site "Lisboa POR"]
[Date "2018.02.08"]
[Round "8.45"]
[White "Santos, António P"]
[Black "Guerreiro, Nuno"]
[Result "1-0"]
[WhiteElo "2228"]
[BlackElo "2079"]
[WhiteFideId "1900161"]
[BlackFideId "1903012"]
[WhiteTitle "FM"]
[WhiteCountry "POR"]
[BlackCountry "POR"]
[PlyCount "103"]
[EventDate "2018.??.??"]

1. d4 Nf6 2. c4 e6 3. Nf3 Bb4+ 4. Nbd2 O-O 5. g3 b6 6. Bg2 Bb7 7. O-O Re8 8. a3
Bxd2 9. Qxd2 d6 10. b4 Be4 11. Bb2 Qe7 12. Rac1 Nbd7 13. c5 Nd5 14. Rfd1 h6 15.
Bf1 Bxf3 16. exf3 Red8 17. cxd6 cxd6 18. Ba6 Rab8 19. Rc2 Qf6 20. Qe2 Qg6 21.
Bd3 Qg5 22. h4 Qe7 23. Rdc1 f5 24. Qe1 Re8 25. Bb5 Red8 26. Re2 Kf7 27. Bd3 g6
28. h5 Kf6 29. hxg6 b5 30. Qd2 Qg7 31. Rce1 Nf8 32. Bc1 Re8 33. Qxh6 Qxh6 34.
Bxh6 Nxg6 35. Rc1 Rh8 36. Bd2 Rh7 37. Ree1 Rb6 38. Rc8 e5 39. dxe5+ Nxe5 40. Be2
Rbb7 41. f4 Nd7 42. Bf3 N7b6 43. Rd8 Rbd7 44. Rxd7 Rxd7 45. Bc1 Nc3 46. Be3 Nba4
47. Bd4+ Kg6 48. Re6+ Kh7 49. Bh5 Rd8 50. Bg6+ Kg8 51. Bxf5 Kf7 52. Re1 1-0

[Event "Portugal Open 2018"]
[Site "Lisboa POR"]
[Date "2018.02.08"]
[Round "8.46"]
[White "Cabello Aguilar, Enrique"]
[Black "Fernández Lledo, Javier"]
[Result "0-1"]
[WhiteElo "2015"]
[BlackElo "2207"]
[WhiteFideId "2231115"]
[BlackFideId "22201432"]
[WhiteCountry "ESP"]
[BlackCountry "ESP"]
[PlyCount "102"]
[EventDate "2018.??.??"]

1. e4 c5 2. Nf3 e6 3. d4 cxd4 4. Nxd4 Nc6 5. Nc3 Qc7 6. Be2 Nf6 7. O-O a6 8. Kh1
Bb4 9. Nxc6 bxc6 10. Bd3 O-O 11. f4 Bxc3 12. bxc3 c5 13. e5 Nd5 14. Qe1 Bb7 15.
Qh4 f5 16. exf6 Nxf6 17. c4 Qc6 18. Qh3 d5 19. Bd2 Rad8 20. Ba5 Rde8 21. Rab1
Ba8 22. cxd5 Qxd5 23. Rbd1 Qxa2 24. Bc3 Rf7 25. Rfe1 Bc6 26. Re5 Rb7 27. Rxc5
Rb1 28. Re1 Rc8 29. Rce5 Bd5 30. Rxb1 Qxb1+ 31. Re1 Qb7 32. Be5 a5 33. Bxf6 gxf6
34. c4 Bxc4 35. Bxc4 Rxc4 36. Qxe6+ Qf7 37. Qa6 a4 38. Qa8+ Kg7 39. g3 Qc7 40.
Re2 Rc2 41. Qe4 Rxe2 42. Qxe2 a3 43. Qg4+ Kh8 44. Qe6 Kg7 45. Kg2 Qa7 46. Qg4+
Kf7 47. Qh5+ Kf8 48. Qh6+ Qg7 49. Qh5 Qb7+ 50. Kf2 Qa7+ 51. Ke2 a2 0-1

[Event "Portugal Open 2018"]
[Site "Lisboa POR"]
[Date "2018.02.08"]
[Round "8.47"]
[White "Cavaleiro, Daniel"]
[Black "Fidalgo, André"]
[Result "0-1"]
[WhiteElo "2010"]
[BlackElo "2205"]
[WhiteFideId "1904663"]
[BlackFideId "1933620"]
[BlackTitle "NM"]
[WhiteCountry "POR"]
[BlackCountry "POR"]
[PlyCount "92"]
[EventDate "2018.??.??"]

1. d4 Nf6 2. c4 c5 3. d5 b5 4. cxb5 a6 5. b6 d6 6. Nc3 Nbd7 7. e4 Rb8 8. Nf3 g6
9. Be2 Bg7 10. O-O O-O 11. Nd2 Qxb6 12. Nc4 Qa7 13. Qc2 Ne8 14. Bg5 Ne5 15. Rae1
f5 16. exf5 Bxf5 17. Qd2 Rb4 18. b3 Rf7 19. f4 Ng4 20. Bxg4 Bxg4 21. Kh1 Qc7 22.
h3 Bf5 23. Rf2 Bd4 24. Rfe2 Nf6 25. Bxf6 Bxf6 26. Ne4 Bh4 27. Rg1 a5 28. g3
Bxe4+ 29. Rxe4 Bf6 30. g4 Bd4 31. Rg3 Qb7 32. Ne3 a4 33. Nc2 Qxd5 34. Qg2 Rb8
35. Nxd4 cxd4 36. Rd3 axb3 37. axb3 Rxb3 38. Rxb3 Qxb3 39. Rxd4 Qe3 40. Re4 Qc1+
41. Qg1 Qd2 42. Qg2 Qc1+ 43. Qg1 Qxg1+ 44. Kxg1 Kf8 45. Kg2 Ke8 46. Kf3 e5 0-1

[Event "Portugal Open 2018"]
[Site "Lisboa POR"]
[Date "2018.02.08"]
[Round "8.48"]
[White "Sahin, Özgün"]
[Black "Pereira, Fernando Melão"]
[Result "1-0"]
[WhiteElo "2195"]
[BlackElo "2043"]
[WhiteFideId "6328121"]
[BlackFideId "1900153"]
[BlackTitle "NM"]
[WhiteCountry "TUR"]
[BlackCountry "POR"]
[PlyCount "55"]
[EventDate "2018.??.??"]

1. e4 c5 2. c3 Nf6 3. e5 Nd5 4. d4 cxd4 5. Nf3 e6 6. cxd4 b6 7. Bd3 Bb7 8. O-O
Be7 9. Nc3 O-O 10. Qe2 f5 11. exf6 Nxf6 12. Ng5 Qe8 13. Nce4 h6 14. Nxf6+ Rxf6
15. Ne4 Rf8 16. Qg4 Kh8 17. Ng3 Ba6 18. Bg6 Qd8 19. Bc2 Bxf1 20. Qg6 Rf5 21.
Nxf5 exf5 22. Qxf5 Qg8 23. Kxf1 Nc6 24. Be3 Rf8 25. Qe4 Nb4 26. Bb3 Qh7 27. Qxe7
Qd3+ 28. Kg1 1-0

[Event "Portugal Open 2018"]
[Site "Lisboa POR"]
[Date "2018.02.08"]
[Round "8.49"]
[White "Pein, Jonathan"]
[Black "Crespo Gavilán, Abel"]
[Result "1/2-1/2"]
[WhiteElo "2177"]
[BlackElo "1978"]
[WhiteFideId "417092"]
[BlackFideId "2215470"]
[WhiteCountry "ENG"]
[BlackCountry "ESP"]
[PlyCount "55"]
[EventDate "2018.??.??"]

1. e4 e6 2. d3 d5 3. Nd2 Nf6 4. Ngf3 Be7 5. g3 c5 6. Bg2 Nc6 7. O-O O-O 8. e5
Nd7 9. Re1 Qc7 10. Qe2 b5 11. h4 a5 12. h5 h6 13. Nf1 Nd4 14. Nxd4 cxd4 15. Bf4
Bb7 16. Nh2 Rfc8 17. Rac1 Ra6 18. Ng4 Qd8 19. Qf3 Qf8 20. Nh2 Rac6 21. Re2 Nb6
22. Qg4 Kh7 23. Nf3 Bc5 24. Bd2 Na4 25. Rb1 b4 26. Ne1 R8c7 27. f4 Bc8 28. Qf3
1/2-1/2

[Event "Portugal Open 2018"]
[Site "Lisboa POR"]
[Date "2018.02.08"]
[Round "8.50"]
[White "Sousa, Ludy"]
[Black "Vanden Bussche, Steven"]
[Result "1-0"]
[WhiteElo "2165"]
[BlackElo "1940"]
[WhiteFideId "1504134"]
[BlackFideId "228699"]
[WhiteTitle "CM"]
[WhiteCountry "NOR"]
[BlackCountry "BEL"]
[PlyCount "49"]
[EventDate "2018.??.??"]

1. e4 c6 2. Nc3 d5 3. Nf3 Bg4 4. h3 Bxf3 5. Qxf3 e6 6. d3 Nf6 7. Bd2 dxe4 8.
dxe4 Nbd7 9. Be2 Qb6 10. O-O-O O-O-O 11. g4 Ne5 12. Qg3 Ng6 13. g5 Nd7 14. h4
Qc7 15. f4 e5 16. fxe5 Ngxe5 17. Bf4 Qa5 18. Rd4 Ng6 19. Bg4 Nxf4 20. Qxf4 Qc7
21. Qxc7+ Kxc7 22. Rhd1 Ne5 23. Rxd8 Nxg4 24. R1d7+ Kb6 25. Rxf7 1-0

[Event "Portugal Open 2018"]
[Site "Lisboa POR"]
[Date "2018.02.08"]
[Round "8.51"]
[White "Turta, Stelian"]
[Black "Dias, Ricardo"]
[Result "1/2-1/2"]
[WhiteElo "1922"]
[BlackElo "2162"]
[WhiteFideId "1924680"]
[BlackFideId "1930060"]
[WhiteCountry "POR"]
[BlackCountry "POR"]
[PlyCount "154"]
[EventDate "2018.??.??"]

1. d4 Nf6 2. Nf3 g6 3. Bf4 Bg7 4. e3 O-O 5. h3 d5 6. c4 c5 7. Nc3 Qa5 8. Qa4
Qxa4 9. Nxa4 Na6 10. a3 cxd4 11. exd4 dxc4 12. Bxc4 b6 13. O-O Bb7 14. Rfe1 e6
15. Nc3 Rac8 16. Be2 Nc7 17. Bxc7 Rxc7 18. Nb5 Re7 19. Rad1 Rd8 20. Ne5 a6 21.
Nc3 b5 22. Bf3 Bxf3 23. Nxf3 Red7 24. Rc1 Bh6 25. Rcd1 Bf8 26. Rc1 b4 27. Nb1
Rb7 28. Rc6 bxa3 29. bxa3 a5 30. Ra6 Rb5 31. a4 Rb2 32. Rc1 Bb4 33. Ra7 Ne4 34.
Ne5 Rxf2 35. Nc6 Rd5 36. Nc3 Bxc3 37. Rxc3 Rg5 38. g4 Nxc3 39. Kxf2 Nxa4 40.
Nxa5 h5 41. Nc6 Nc3 42. Kf3 hxg4+ 43. hxg4 Nb5 44. Rd7 f5 45. gxf5 Rxf5+ 46. Ke3
Rf7 47. Rd8+ Kg7 48. Ne5 Ra7 49. Rb8 Nc7 50. Nc6 Ra3+ 51. Ke4 Rc3 52. Nd8 Kf6
53. Rb6 Rc1 54. Kd3 Kf5 55. Nf7 Nd5 56. Rb3 g5 57. Kd2 Ra1 58. Rb8 Ra2+ 59. Kd3
Ra3+ 60. Kd2 g4 61. Rg8 Nf6 62. Nh6+ Kf4 63. Rf8 Kg5 64. Nf7+ Kh4 65. Ne5 Ne4+
66. Ke2 Ng3+ 67. Kf2 Nf5 68. Rh8+ Kg5 69. Rg8+ Kf6 70. Nxg4+ Ke7 71. Ne5 Nxd4
72. Rh8 Ra2+ 73. Ke3 Nf5+ 74. Kd3 Ra3+ 75. Kd2 Ra4 76. Nd3 Re4 77. Rh7+ Kd6
1/2-1/2

[Event "Portugal Open 2018"]
[Site "Lisboa POR"]
[Date "2018.02.08"]
[Round "8.52"]
[White "Newton, Andrew"]
[Black "Kunz, André"]
[Result "1/2-1/2"]
[WhiteElo "1899"]
[BlackElo "2153"]
[WhiteFideId "2403285"]
[BlackFideId "24623652"]
[WhiteCountry "SCO"]
[BlackCountry "GER"]
[PlyCount "61"]
[EventDate "2018.??.??"]

1. e4 c6 2. d4 d5 3. e5 c5 4. dxc5 e6 5. a3 Nc6 6. Nf3 Bxc5 7. b4 Bb6 8. Bb2
Nge7 9. Bd3 Ng6 10. O-O O-O 11. Re1 f6 12. Bxg6 hxg6 13. Qd3 Nxe5 14. Rxe5 fxe5
15. Bxe5 Rf5 16. Nbd2 Qf8 17. Rf1 Bd7 18. g4 Bb5 19. Qxb5 Rxf3 20. Nxf3 Qxf3 21.
a4 Qxg4+ 22. Bg3 Rc8 23. a5 Bd4 24. Qxb7 Rc3 25. Qb8+ Kh7 26. b5 e5 27. Kg2 Qf3+
28. Kg1 Qg4 29. Kg2 Qf3+ 30. Kg1 Qg4 31. Kg2 1/2-1/2

[Event "Portugal Open 2018"]
[Site "Lisboa POR"]
[Date "2018.02.08"]
[Round "8.53"]
[White "Vandamme, Florian"]
[Black "Pérez García, Roberto"]
[Result "0-1"]
[WhiteElo "1898"]
[BlackElo "2142"]
[WhiteFideId "228672"]
[BlackFideId "2217708"]
[WhiteCountry "BEL"]
[BlackCountry "ESP"]
[PlyCount "76"]
[EventDate "2018.??.??"]

1. d4 Nf6 2. c4 g6 3. Nf3 Bg7 4. g3 O-O 5. Bg2 d5 6. cxd5 Nxd5 7. O-O Nb6 8. Nc3
Nc6 9. e3 Re8 10. Qe2 e5 11. Rd1 exd4 12. Nb5 Bg4 13. h3 Bxf3 14. Bxf3 a6 15.
Bxc6 bxc6 16. Nxd4 Bxd4 17. Qg4 Qf6 18. Qxd4 Qe7 19. Bd2 Rad8 20. Qg4 h5 21. Qf3
Qe6 22. Kg2 Nd5 23. Rac1 Rd6 24. Bc3 Nxc3 25. Rxd6 cxd6 26. Rxc3 d5 27. Qf4 Qc8
28. Qa4 Re6 29. Rc5 Kg7 30. b4 h4 31. gxh4 g5 32. hxg5 Re5 33. Rxc6 Rxg5+ 34.
Kh2 Qf5 35. f4 Rh5 36. Kg1 Qxh3 37. Kf2 Qg4 38. Rc1 Rh2+ 0-1

[Event "Portugal Open 2018"]
[Site "Lisboa POR"]
[Date "2018.02.08"]
[Round "8.54"]
[White "Reis, Luís Sousa"]
[Black "Silva, Mariana"]
[Result "1-0"]
[WhiteElo "2141"]
[BlackElo "1901"]
[WhiteFideId "1900609"]
[BlackFideId "1911899"]
[WhiteTitle "NM"]
[BlackTitle "WCM"]
[WhiteCountry "POR"]
[BlackCountry "POR"]
[PlyCount "99"]
[EventDate "2018.??.??"]

1. d4 Nf6 2. c4 g6 3. Nc3 Bg7 4. e4 d6 5. f3 O-O 6. Be3 c6 7. Qd2 a6 8. a4 Qa5
9. Ra3 Nbd7 10. Nh3 c5 11. d5 Ne5 12. Nf2 Bd7 13. Be2 Qb4 14. Nd3 Nxd3+ 15. Bxd3
b5 16. Qe2 bxa4 17. O-O Rfb8 18. Rb1 Ne8 19. Bd2 Qb7 20. Bc2 Qc8 21. Bxa4 Rb4
22. Bc2 Rab8 23. b3 R4b6 24. Rba1 Nc7 25. Rf1 h5 26. h3 Bd4+ 27. Kh2 Qf8 28. Qd3
Bg7 29. g4 hxg4 30. hxg4 Be5+ 31. Kg2 Qg7 32. f4 Bd4 33. Qg3 e6 34. Ne2 Bb2 35.
Ra2 exd5 36. exd5 Re8 37. Nc3 Bxc3 38. Bxc3 Re2+ 39. Rf2 Rxf2+ 40. Kxf2 Qh7 41.
Ra1 Ne8 42. Kg2 f6 43. Rh1 Qe7 44. Re1 Qf7 45. Qh4 Rb8 46. g5 Bf5 47. Bxf5 gxf5
48. gxf6 Qg6+ 49. Kh2 Qh7 50. f7+ 1-0

[Event "Portugal Open 2018"]
[Site "Lisboa POR"]
[Date "2018.02.08"]
[Round "8.55"]
[White "Machado, Tomás"]
[Black "Martins, Bruno"]
[Result "0-1"]
[WhiteElo "1852"]
[BlackElo "2137"]
[WhiteFideId "1946838"]
[BlackFideId "1942255"]
[WhiteCountry "POR"]
[BlackCountry "POR"]
[PlyCount "85"]
[EventDate "2018.??.??"]

1. Nf3 Nf6 2. c4 g6 3. b3 Bg7 4. Bb2 O-O 5. e3 d6 6. Be2 e5 7. d4 e4 8. Nfd2 Re8
9. O-O h5 10. Nc3 c6 11. Rc1 Bf5 12. Rc2 Nbd7 13. Qa1 Ng4 14. Bxg4 Bxg4 15. Rcc1
Bf5 16. Rce1 Bh6 17. h3 Nf8 18. Qd1 Nh7 19. Qe2 Ng5 20. f4 exf3 21. Nxf3 Ne4 22.
Nxe4 Rxe4 23. Qf2 Qe7 24. Bc1 Re8 25. Re2 Bxe3 26. Bxe3 Rxe3 27. Rxe3 Qxe3 28.
Qxe3 Rxe3 29. Nh4 Be4 30. Rf6 d5 31. cxd5 Bxd5 32. Rf2 Rd3 33. g3 Rxg3+ 34. Kh2
Rd3 35. Re2 Rxd4 36. Ng2 Bxg2 37. Kxg2 Kg7 38. Re7 Rd2+ 39. Kg3 Rxa2 40. Rxb7
Rb2 41. Rxa7 Rxb3+ 42. Kh4 Kh6 43. Rc7 0-1

[Event "Portugal Open 2018"]
[Site "Lisboa POR"]
[Date "2018.02.08"]
[Round "8.56"]
[White "Leão, Tiago"]
[Black "Larsen, Sander"]
[Result "1/2-1/2"]
[WhiteElo "2099"]
[BlackElo "1824"]
[WhiteFideId "1925563"]
[BlackFideId "227315"]
[WhiteCountry "POR"]
[BlackCountry "BEL"]
[PlyCount "53"]
[EventDate "2018.??.??"]

1. e4 c5 2. d4 cxd4 3. c3 Nf6 4. e5 Nd5 5. cxd4 e6 6. Nf3 b6 7. Nc3 Nxc3 8. bxc3
Qc7 9. Bb2 Bb7 10. Bd3 d6 11. O-O Nd7 12. Re1 Be7 13. Rc1 dxe5 14. Nxe5 Nxe5 15.
Rxe5 Bf6 16. Bb5+ Bc6 17. Bxc6+ Qxc6 18. d5 Qd6 19. Qa4+ Qd7 20. Qxd7+ Kxd7 21.
dxe6+ fxe6 22. Rd1+ Ke7 23. Re3 Rhd8 24. Rde1 Kf7 25. Rxe6 Rd2 26. R6e2 Rxb2 27.
Rxb2 1/2-1/2

[Event "Portugal Open 2018"]
[Site "Lisboa POR"]
[Date "2018.02.08"]
[Round "8.57"]
[White "Fidalgo, Daniel"]
[Black "Veiga, Francisco"]
[Result "0-1"]
[WhiteElo "1966"]
[BlackElo "2320"]
[WhiteFideId "1934279"]
[BlackFideId "1930087"]
[BlackTitle "FM"]
[WhiteCountry "POR"]
[BlackCountry "POR"]
[PlyCount "102"]
[EventDate "2018.??.??"]

1. c4 e5 2. g3 d6 3. Bg2 Nc6 4. Nc3 Be6 5. d3 Qd7 6. h4 Nf6 7. Nf3 h6 8. Rb1 d5
9. cxd5 Nxd5 10. a3 Be7 11. Bd2 f5 12. Qa4 Nb6 13. Qc2 Nd4 14. Nxd4 exd4 15. Nd1
Bd5 16. Kf1 O-O-O 17. Rc1 c6 18. a4 Bxg2+ 19. Kxg2 Nd5 20. a5 a6 21. e4 dxe3 22.
Nxe3 Nxe3+ 23. Bxe3 Qd5+ 24. Kh2 g5 25. h5 f4 26. Bb6 Rd7 27. g4 f3 28. Qc4 Qd6+
29. Kh3 Qxd3 30. Qxd3 Rxd3 31. Rhd1 Rb3 32. Re1 Bd8 33. Bd4 Rh7 34. Bc3 Rb5 35.
Re8 Kd7 36. Re3 Rf7 37. Rd1+ Rd5 38. Red3 Kd6 39. Bb4+ Ke6 40. Re1+ Kd7 41. Red1
Rxd3 42. Rxd3+ Kc8 43. Rd6 Be7 44. Rd4 Bf6 45. Rd2 Be5 46. Bc3 Bxc3 47. bxc3 Rd7
48. Rxd7 Kxd7 49. Kg3 b6 50. Kxf3 bxa5 51. Ke4 Ke6 0-1

[Event "Portugal Open 2018"]
[Site "Lisboa POR"]
[Date "2018.02.08"]
[Round "8.58"]
[White "Terbe, Julianna"]
[Black "Silva, Flávio"]
[Result "1-0"]
[WhiteElo "2292"]
[BlackElo "1952"]
[WhiteFideId "708780"]
[BlackFideId "1903691"]
[WhiteTitle "WIM"]
[WhiteCountry "HUN"]
[BlackCountry "POR"]
[PlyCount "155"]
[EventDate "2018.??.??"]

1. e4 c5 2. Nf3 d6 3. d4 cxd4 4. Nxd4 Nf6 5. f3 Nc6 6. c4 Bd7 7. Be3 g6 8. Nc3
Bg7 9. Qd2 Nxd4 10. Bxd4 Bc6 11. Be2 a6 12. O-O O-O 13. Rfd1 Re8 14. Rac1 Rc8
15. b4 Bd7 16. Qe3 e5 17. Bb6 Qe7 18. a4 Bf8 19. b5 axb5 20. cxb5 Be6 21. a5 Nd7
22. Nd5 Bxd5 23. exd5 Nxb6 24. Qxb6 Bh6 25. Rxc8 Rxc8 26. a6 bxa6 27. bxa6 Qc7
28. Qxc7 Be3+ 29. Kf1 Rxc7 30. Bb5 Rc2 31. Ra1 Rf2+ 32. Ke1 Ba7 33. Be2 Rxg2 34.
Rb1 Bf2+ 35. Kd2 Rxh2 36. Rb7 Rh4 37. a7 Bxa7 38. Rxa7 Rd4+ 39. Ke3 Rxd5 40. Bc4
Rd4 41. Bxf7+ Kf8 42. Be6 h6 43. Rf7+ Ke8 44. Rh7 Rh4 45. Bf7+ Kd7 46. Bxg6+ Kc6
47. Be8+ Kd5 48. Rc7 Ke6 49. Bd7+ Kf6 50. Bg4 h5 51. Rh7 Kg5 52. Be6 Rd4 53. Bf7
h4 54. Be6 Kg6 55. Rh8 Kg7 56. Rh5 Kg6 57. Bg4 Rb4 58. Rxh4 Rd4 59. Rh2 Rb4 60.
Rd2 Rb6 61. Ke4 Kg5 62. Kd5 Kf4 63. Ke6 Ke3 64. Ra2 Kf4 65. Ra4+ Ke3 66. Re4+
Kf2 67. Kd5 Kg3 68. Ra4 Kf2 69. Ra3 Kg3 70. Bf5 Kf4 71. Be4 Kg5 72. Ke6 Kf4 73.
Rd3 Rb8 74. Rxd6 Re8+ 75. Kd5 Rf8 76. Rd7 Rf6 77. Re7 Rf8 78. Ke6 1-0

[Event "Portugal Open 2018"]
[Site "Lisboa POR"]
[Date "2018.02.08"]
[Round "8.59"]
[White "Höbarth, Günter"]
[Black "Apanasenok, Alexander"]
[Result "0-1"]
[WhiteElo "1931"]
[BlackElo "2236"]
[WhiteFideId "1610198"]
[BlackFideId "4139305"]
[WhiteCountry "AUT"]
[BlackCountry "RUS"]
[PlyCount "56"]
[EventDate "2018.??.??"]

1. d3 c5 2. g3 Nc6 3. Bg2 g6 4. e4 Bg7 5. c3 e6 6. Ne2 d5 7. O-O Nge7 8. Na3 O-O
9. Nc2 b6 10. exd5 exd5 11. d4 Bg4 12. Re1 cxd4 13. Ncxd4 Nxd4 14. cxd4 Qd7 15.
Bf4 Nc6 16. Qa4 Rad8 17. f3 Bf5 18. Rac1 Nxd4 19. Qxd7 Rxd7 20. Nc3 Ne6 21. Be5
f6 22. g4 fxe5 23. gxf5 gxf5 24. Rcd1 Nf4 25. Bf1 Kf7 26. Bc4 Rfd8 27. Bb3 a6
28. Rd2 Kf6 0-1

[Event "Portugal Open 2018"]
[Site "Lisboa POR"]
[Date "2018.02.08"]
[Round "8.60"]
[White "Fernandes, Ricardo Paulos"]
[Black "Van Zyl-Rudd, Jack"]
[Result "1/2-1/2"]
[WhiteElo "1920"]
[BlackElo "2197"]
[WhiteFideId "1943464"]
[BlackFideId "14309017"]
[BlackTitle "FM"]
[WhiteCountry "POR"]
[BlackCountry "RSA"]
[PlyCount "32"]
[EventDate "2018.??.??"]

1. b3 e5 2. Bb2 Nc6 3. e3 Nf6 4. c4 d5 5. cxd5 Nxd5 6. a3 Bd6 7. Qc2 O-O 8. d3
Qe7 9. Nf3 g5 10. Be2 g4 11. Nfd2 f5 12. Nc3 Be6 13. Nc4 a6 14. Nxd5 Bxd5 15.
Nxd6 cxd6 16. d4 Rad8 1/2-1/2

[Event "Portugal Open 2018"]
[Site "Lisboa POR"]
[Date "2018.02.08"]
[Round "8.61"]
[White "Taylor, Robert Graham"]
[Black "Boucquet, Emile"]
[Result "0-1"]
[WhiteElo "1906"]
[BlackElo "2183"]
[WhiteFideId "1800841"]
[BlackFideId "233161"]
[WhiteCountry "WLS"]
[BlackCountry "BEL"]
[PlyCount "46"]
[EventDate "2018.??.??"]

1. e4 c5 2. Nf3 d6 3. c3 Nf6 4. h3 Nc6 5. Bd3 d5 6. exd5 Qxd5 7. Bc2 Qh5 8. d4
cxd4 9. cxd4 Bg4 10. Be3 Bxf3 11. gxf3 Rd8 12. Nc3 e5 13. Qe2 Be7 14. d5 Nxd5
15. Nxd5 Rxd5 16. Be4 Rd7 17. Rc1 O-O 18. Bxc6 bxc6 19. Rxc6 Rfd8 20. Rc1 e4 21.
f4 Bb4+ 22. Kf1 Rd1+ 23. Kg2 Qxe2 0-1

[Event "Portugal Open 2018"]
[Site "Lisboa POR"]
[Date "2018.02.08"]
[Round "8.62"]
[White "Silva, Ana Inês"]
[Black "Gavrish, Leonid"]
[Result "0-1"]
[WhiteElo "1873"]
[BlackElo "2110"]
[WhiteFideId "1932543"]
[BlackFideId "14110040"]
[WhiteCountry "POR"]
[BlackCountry "UKR"]
[PlyCount "120"]
[EventDate "2018.??.??"]

1. e4 c5 2. Nc3 g6 3. g3 Bg7 4. Bg2 Nc6 5. d3 e6 6. Be3 b6 7. Nge2 Nge7 8. O-O
O-O 9. d4 d6 10. Qd3 e5 11. dxc5 dxc5 12. Rad1 Nd4 13. Bg5 f6 14. Bc1 Be6 15. f4
Rc8 16. fxe5 fxe5 17. Rxf8+ Bxf8 18. Bg5 Qd7 19. Rf1 c4 20. Qd2 Bg4 21. Nxd4
exd4 22. Qf2 Be6 23. Ne2 Nc6 24. Nf4 Ne5 25. Nxe6 Qxe6 26. Qf6 Re8 27. Qxe6+
Rxe6 28. Bh3 Re8 29. Bf6 Bg7 30. Bxg7 Kxg7 31. Rd1 d3 32. Bf1 dxc2 33. Rc1 Nd3
34. Rxc2 Rxe4 35. Bxd3 cxd3 36. Rd2 Ra4 37. a3 Rd4 38. Kf2 Kf6 39. Ke3 Ke5 40.
Rxd3 Rxd3+ 41. Kxd3 Kd5 42. b3 a6 43. Ke3 Ke5 44. Kd3 b5 45. Ke3 a5 46. h3 g5
47. Kd3 Kd5 48. Ke3 a4 49. bxa4 bxa4 50. Kd3 h5 51. g4 h4 52. Kc3 Ke4 53. Kb4
Kf3 54. Kxa4 Kg3 55. Kb5 Kxh3 56. a4 Kxg4 57. a5 h3 58. a6 h2 59. Kb6 h1=Q 60.
Kc7 Qa8 0-1